000
00240nam a2200097Ia 4500
008
230915s9999 xx 000 0 und d
050
_a
TA 357 .R63 1980
100
_a
ROBERSON JOHN A.
245
0
_a
ENGINEERING FLUID MECHANICS
942
_c
BK
999
_c
203299
_d
203299